| 000 | 00723nam a2200217Ii 4500 | ||
|---|---|---|---|
| 003 | JO-AjNU | ||
| 008 | 230605s9999||||xx |||||||||||||| ||und|| | ||
| 017 | _a2004/8/1941 | ||
| 040 |
_aJO-AjNU _bara _erda _cJO-AjNU |
||
| 041 | _aara | ||
| 050 | 1 | 4 | _aP121.I87 2008 |
| 100 | 3 |
_aاستيتية ، سمير شريف تأليف, _eauthor _943259 |
|
| 245 | 0 | 0 | _aاللسانيات: المجال,والوظيفة,والمنهج |
| 250 | _aط2 | ||
| 264 | 3 | 1 | _aإربد:عالم الكتب الحديث,2008 |
| 300 | _a739ص | ||
| 336 |
_atext _btxt _2rdacontent |
||
| 337 |
_aunmediated _bn _2rdamedia |
||
| 338 |
_avolume _bnc _2rdacarrier |
||
| 650 | 4 |
_aاللسانيات-المجال-الوظيفة -المنهج _943260 |
|
| 999 |
_aA18585 _c22153 _d22153 |
||